Público y privado espacios urbanos observados por el alumnado de magisterio

Este trabajo nos acerca a la mirada que vierten sobre la ciudad los estudiantes de magisterio de una capital monumental y universitaria como es Santiago de Compostela. Al interpretar su entorno urbano mediante fotografías nos transmiten su peculiar bagaje creativo. El uso de las tecnologías para reg...

Full description

Bibliographic Details
Main Author: Huerta, Ricard
Other Authors: Franco, Carmen
Format: Analitica de revista
Published: Barcelona, España GRAÓ 2011
Subjects:

MARC

LEADER 00000cab a2200000 a 4500
001 034275
003 UAHC_CL
005 20190124160236.0
008 140530s2012 sp 000 spa
952 |0 0  |1 0  |2 ddc  |4 0  |6 ÍBER_69_11_000000000000000  |7 0  |8 COMP  |9 91411  |a BC  |b BC  |c General  |d 2019-01-24  |l 0  |o ÍBER-69/11  |r 2019-01-24 00:00:00  |w 2019-01-24  |y REVA 
999 |c 51653  |d 51653 
040 |a UAHC_CL  |c UAHC_CL  |d UAHC_CL 
100 |9 6666  |a Huerta, Ricard  
245 1 3 |a Público y privado  |c Ricard Huerta, Carmen Franco.  |b espacios urbanos observados por el alumnado de magisterio 
260 |b GRAÓ  |a Barcelona, España  |c 2011 
300 |a p. 102-111 
310 |a Trimestral 
500 |a En: Íber. Didáctica de las Ciencias Sociales, geografía e historia. No. 70, enero 2012. pp. 102-111. ISSN: 1133-9810. 
520 |a Este trabajo nos acerca a la mirada que vierten sobre la ciudad los estudiantes de magisterio de una capital monumental y universitaria como es Santiago de Compostela. Al interpretar su entorno urbano mediante fotografías nos transmiten su peculiar bagaje creativo. El uso de las tecnologías para registrar imágenes y compartir ideas ha propiciado un modelo de investigación en el cual se reflexiona sobre la producción en colaboración del conocimiento.  
650 0 |9 79  |a Educación 
650 0 |9 1622  |a Patrimonio cultural 
650 0 |9 6277  |a Fotografía 
700 |9 6667  |a Franco, Carmen 
773 0 |t Iber : Didáctica de las ciencias sociales, geografía e historia.  |w 034242 
900 |a IBER-69/11 
942 |c REVA  |2 ddc